| 000 | 00661nam a2200217Ia 4500 | ||
|---|---|---|---|
| 003 | GCL | ||
| 008 | 140319s9999 xx 000 0 ara d | ||
| 040 |
_aGCL / _cGCL |
||
| 082 | 0 | 4 |
_a596 _bر ف |
| 100 | 1 | _aرومر، الفريد شيروود | |
| 245 | 1 | 0 |
_aالفقاريات / _cرومر، الفريد شيروود |
| 700 | 1 | _aمحمد امين رشدى (مترجم) | |
| 700 | 1 | _aمحمد رشاد الطوبى (مراجع) | |
| 700 | 1 | _aعبدالعزيز سليمان نوار | |
| 260 |
_a[S.N] : _bدار النور ، _c1971 |
||
| 300 | _a770 ص | ||
| 490 | _a | ||
| 650 | 0 | 4 | _aالفقاريات |
| 650 | 0 | 4 | _aتشريح |
| 942 |
_2ddc _cBK |
||
| 999 |
_c33070 _d33070 |
||